Datum a čas kvízu

31.5 Celkem bodů Celkový počet nahraných bodů na tomto kvízu bez doplňovacích otázek.
7. Pořadí na kvízu Konečné umístění týmu na tomto kvízu.

Zaznamenané odpovědi

# Otázka Odpověď Body Výsledky
1. Která česká zoologická zahrada... Zoo Plzeň 0
2. Vskutku kuriózním způsobem vyp... D 1
3. Napište jméno skotského herce... Iain Glen; Hra o trůny 0.5
4. Jedna automobilka představila... Ferrari 1
5. Na sociálních sítích jste mohl... B) krasobruslení 0
6. Hned v úvodu bod rozdělíme: za... Ulánbátar; Altaj 0.5
7. Z následujících možností vyber... A 1
8. Jak se jmenuje hudební skupina... The Hu 0
9. Které náboženství je v Mongols... buddhismus (lamaismus) 0
10. Do Mongolska zasadila děj svéh... babičce 1